| 000 | 00623cam a2200145 4500500 | ||
|---|---|---|---|
| 005 | 20260208005958.0 | ||
| 041 | _afre | ||
| 042 | _adc | ||
| 100 | 1 | 0 |
_aMantero, Anne _eauthor |
| 245 | 0 | 0 | _aPHILIPPE CHOMÉTY, « Philosopher en langage des dieux ». La poésie d’idées en France au siècle de Louis XIV. Paris, Champion, 2006. Un vol. de 547 p. |
| 260 | _c2010. | ||
| 500 | _a5 | ||
| 786 | 0 | _nRevue d'histoire littéraire de la France | 109 | 4 | 2010-01-06 | p. 937g-947g | 0035-2411 | |
| 856 | 4 | 1 | _uhttps://shs.cairn.info/revue-d-histoire-litteraire-de-la-france-2009-4-page-937g?lang=fr&redirect-ssocas=7080 |
| 999 |
_c1654666 _d1654666 |
||